Zwycięzcy Pko BP Ekstraklasy od 2000 roku - Statystyki

Ogólne statystyki
  • Ten quiz został rozwiązany 76 razy
  • Średni wynik to 24 z 25
Statystyki odpowiedzi
Hint Odpowiedź % Poprawnych
2024/2025 Lech Poznań
100%
2021/2022 Lech Poznań
100%
2014/2015 Lech Poznań
100%
2009/2010 Lech Poznań
100%
2020/2021 Legia Warszawa
100%
2019/2020 Legia Warszawa
100%
2017/2018 Legia Warszawa
100%
2016/2017 Legia Warszawa
100%
2015/2016 Legia Warszawa
100%
2013/2014 Legia Warszawa
100%
2012/2013 Legia Warszawa
100%
2005/2006 Legia Warszawa
100%
2001/2002 Legia Warszawa
100%
2023/2024 Jagiellonia Białystok
96%
2022/2023 Raków Częstochowa
96%
2010/2011 Wisła Kraków
94%
2008/2009 Wisła Kraków
94%
2007/2008 Wisła Kraków
94%
2004/2005 Wisła Kraków
94%
2003/2004 Wisła Kraków
94%
2002/2003 Wisła Kraków
94%
2000/2001 Wisła Kraków
94%
2018/2019 Piast Gliwice
84%
2011/2012 Śląsk Wrocław
76%
2006/2007 Zagłębie Lubin
76%
Nie znaleziono quizów pasujących do podanych kryteriów
Rozkład punktacji
Procent ludzi z każdym wynikiem
Percentyl według liczby udzielonych odpowiedzi
Twoja historia wyników
Nie rozwiązałeś tego quizu